| 000 | 00458nam a2200169Ia 4500 | ||
|---|---|---|---|
| 008 | 131103s9999 xx 000 0 und d | ||
| 040 | _aLoreto College | ||
| 041 | _aEnglish | ||
| 082 |
_a030/BRI _bLCLIB/23991 |
||
| 245 | _aBritannica book of the year 1977 | ||
| 260 |
_aChicago _bEncyclopaedia Britannica _c1982 |
||
| 300 |
_a768p. _b ill.chart _c 24cm. |
||
| 504 | _aIncludes index | ||
| 650 | _aEncyclopaedias | ||
| 850 | _aLCLIB/030/BRI | ||
| 942 | _cBK | ||
| 999 |
_c23664 _d74143 |
||